[Event "FAHIJ I"]
[Site "SchemingMind.com"]
[Date "2023.06.10"]
[Round "-"]
[White "Steven DuCharme"]
[Black "Kenny Elliott"]
[Result "1-0"]
[WhiteCountry "USA"]
[BlackCountry "USA"]
[WhiteElo "1515"]
[WhiteRD "60"]
[BlackElo "1491"]
[BlackRD "84"]
[GameID "734626"]

1. g3 d5 2. Bg2 Nf6 3. Nf3 Nc6 4. d4 Bf5 5. O-O e6 6. a3 Be7 7. Re1 O-O 8. Nbd2 Ne4 9. Nf1 b5 10. Ne3 Bg6
11. Ne5 Nxe5 12. dxe5 c5 13. f3 Ng5 14. h4 d4 15. hxg5 dxe3 16. Bxe3 Qxd1 17. Raxd1 c4 18. Rd7 Bd8 19. c3 Bb6 20. Kf2 Bxe3+
21. Kxe3 Rfc8 22. Red1 Kf8 23. f4 Ke8 24. Bxa8
1-0

[Event "FAHIJ I"]
[Site "SchemingMind.com"]
[Date "2023.06.14"]
[Round "-"]
[White "cnile"]
[Black "Steven DuCharme"]
[Result "0-1"]
[WhiteCountry "SCO"]
[BlackCountry "USA"]
[WhiteElo "1323"]
[WhiteRD "64"]
[BlackElo "1515"]
[BlackRD "60"]
[GameID "734627"]

1. d4 d5 2. Nf3 Nf6 3. e3 c6 4. Bd3 Bg4 5. Nbd2 Nbd7 6. O-O e5 7. c3 e4 8. Nxe4 dxe4 9. Bxe4 Nxe4 10. h3 Bh5
11. g4 Bg6 12. a3 Be7 13. Qe2 O-O 14. Rd1 a6 15. c4 Qc7 16. b4 Rfd8 17. Bb2 b5 18. c5 Ng5 19. Kg2 Be4 20. Rac1 Nxf3
21. Kf1 Qh2
0-1

[Event "FAHIJ I"]
[Site "SchemingMind.com"]
[Date "2023.06.09"]
[Round "-"]
[White "Black Knight"]
[Black "Steven DuCharme"]
[Result "1-0"]
[WhiteCountry "USA"]
[BlackCountry "USA"]
[WhiteElo "1205"]
[WhiteRD "64"]
[BlackElo "1515"]
[BlackRD "60"]
[GameID "734628"]

1. d4 Nf6 2. Nf3 g6 3. Bf4 Bg7 4. e3 O-O 5. Bd3 d6 6. O-O Nh5 7. h3 Nxf4 8. exf4 Nc6 9. c3 a6 10. Nbd2 e5
11. d5 Ne7 12. c4 exf4 13. Rb1 Nf5 14. Bxf5 Bxf5 15. Rc1 Bxb2 16. Rc2 Bxc2 17. Qxc2 Bg7 18. Ne4 Re8 19. Rd1 f5 20. Nc3 Qf6
21. Ne2 g5 22. Ned4 Re4 23. g4 Rae8 24. Ne6
1-0

[Event "FAHIJ I"]
[Site "SchemingMind.com"]
[Date "2023.06.12"]
[Round "-"]
[White "Steven DuCharme"]
[Black "Transcendent"]
[Result "1-0"]
[WhiteCountry "USA"]
[BlackCountry "ENG"]
[WhiteElo "1601"]
[WhiteRD "67"]
[BlackElo "1680"]
[BlackRD "70"]
[GameID "734629"]

1. Nf3 d5 2. e3 Nf6 3. c4 e6 4. Be2 b6 5. O-O Nbd7 6. cxd5 Nxd5 7. Nc3 Bb7 8. b3 Nxc3 9. dxc3 Bd6 10. Bb2 O-O
11. Qc2 Ne5 12. Nxe5 Bxe5 13. f4 Bd6 14. Rad1 Qh4 15. Bf3 Bxf3 16. Rxf3 h6 17. g3 Qh3 18. Qg2 Qh5 19. g4 Qg6 20. h4 Rad8
21. Rg3 Be7 22. Rxd8 Rxd8 23. h5 Rd1+ 24. Kh2
1-0

[Event "FAHIJ I"]
[Site "SchemingMind.com"]
[Date "2023.06.10"]
[Round "-"]
[White "Steven DuCharme"]
[Black "JAHI"]
[Result "0-1"]
[WhiteCountry "USA"]
[BlackCountry "INT"]
[WhiteElo "1515"]
[WhiteRD "60"]
[BlackElo "2175"]
[BlackRD "78"]
[GameID "734631"]

1. c4 a6 2. g3 h6 3. Bg2 h5 4. b3 h4 5. gxh4 Rxh4 6. Nf3 Rh5 7. Bb2 a5 8. a4 Na6 9. d3 d6 10. h3 e6
11. e4 e5 12. Nbd2 Be7 13. Nf1 Kf8 14. Ng3 Rh6 15. Bc1 Rh8 16. Nf5 Bxf5 17. exf5 Nb4 18. Ba3 Qc8 19. Bxb4 axb4 20. Qe2 Qxf5
21. Qe4 Qxe4+ 22. dxe4 Nf6 23. Nd2 g6 24. O-O Nh5 25. Kh2 Nf4 26. Rfe1 Kg7 27. Re3 Bg5
0-1

[Event "FAHIJ I"]
[Site "SchemingMind.com"]
[Date "2023.06.14"]
[Round "-"]
[White "cnile"]
[Black "Kenny Elliott"]
[Result "0-1"]
[WhiteCountry "SCO"]
[BlackCountry "USA"]
[WhiteElo "1323"]
[WhiteRD "64"]
[BlackElo "1491"]
[BlackRD "84"]
[GameID "734632"]

1. d4 d5 2. Nf3 Nc6 3. c4 e6 4. Nc3 Nf6 5. cxd5 exd5 6. Bg5 Be7 7. e3 Bg4 8. Bb5 O-O 9. h3 Bd7 10. a3 Ne4
11. O-O Nxg5 12. Nxd5 Nxf3+ 13. Qxf3 Nxd4 14. Bxd7 Nxf3+
0-1

[Event "FAHIJ I"]
[Site "SchemingMind.com"]
[Date "2023.06.10"]
[Round "-"]
[White "Black Knight"]
[Black "Kenny Elliott"]
[Result "1-0"]
[WhiteCountry "USA"]
[BlackCountry "USA"]
[WhiteElo "1182"]
[WhiteRD "64"]
[BlackElo "1463"]
[BlackRD "84"]
[GameID "734633"]

1. d4 d5 2. Nf3 Nf6 3. Bf4 Bf5 4. e3 Nc6 5. Bb5 a6 6. Bxc6+ bxc6 7. O-O Qb8 8. c3 Qxb2 9. Nbd2 Qxc3 10. Rc1 Qb2
11. Qb3 Qxb3 12. Nxb3 O-O-O 13. Rxc6 Kd7 14. Rxc7+ Ke8 15. Nc5 Ra8 16. h3 e6 17. g4 Be4 18. Nxe4 Nxe4 19. Rfc1 Kd8 20. R7c6 Ba3
21. Rb1 Kd7 22. Rcb6 Ra7 23. Ne5+ Kc7 24. Nxf7+ Bd6 25. Nxh8 Bxf4 26. exf4 Nc3 27. R1b4 Ne2+ 28. Kf1 Nxf4 29. Nf7 h6 30. Nd6 Nxh3
31. Ne8+ Kd7 32. Nxg7 Nf4 33. Rb3 a5 34. Rb7+ Rxb7 35. Rxb7+ Kc6 36. Re7 Kb5 37. Nxe6 Nxe6 38. Rxe6 Kc4 39. Rxh6 Kxd4 40. g5
1-0

[Event "FAHIJ I"]
[Site "SchemingMind.com"]
[Date "2023.06.10"]
[Round "-"]
[White "Kenny Elliott"]
[Black "JAHI"]
[Result "0-1"]
[WhiteCountry "USA"]
[BlackCountry "INT"]
[WhiteElo "1511"]
[WhiteRD "82"]
[BlackElo "2174"]
[BlackRD "76"]
[GameID "734635"]

1. d4 a6 2. e4 a5 3. Nf3 Na6 4. Nc3 d6 5. Bc4 h6 6. O-O Bg4 7. h3 Bxf3 8. Qxf3 e6 9. d5 e5 10. Bb5+ Ke7
11. Qg3 g6 12. Qh4+ f6 13. f4 h5 14. fxe5 dxe5 15. Bg5 Kf7 16. Rf3 Kg7 17. Bxf6+ Nxf6 18. Raf1 Be7 19. Qe1 c6 20. dxc6 bxc6
21. Bxc6 Qb6+ 22. Kh1 Qxc6 23. Nd5 Nxd5 24. exd5 Qxd5 25. Rf7+ Qxf7 26. Rxf7+ Kxf7 27. Qxe5 Rhd8 28. Qf4+ Kg7 29. Qe5+ Bf6 30. Qxa5 Rac8
31. Kh2 Rxc2 32. Qxa6 Be5+ 33. Kh1 Rc1+
0-1

[Event "FAHIJ I"]
[Site "SchemingMind.com"]
[Date "2023.06.10"]
[Round "-"]
[White "Steven DuCharme"]
[Black "Derek Price"]
[Result "0-1"]
[WhiteCountry "USA"]
[BlackCountry "ENG"]
[WhiteElo "1481"]
[WhiteRD "60"]
[BlackElo "2364"]
[BlackRD "72"]
[GameID "734636"]

1. d4 d5 2. Nf3 Nf6 3. g3 c6 4. Bg2 Bf5 5. O-O e6 6. a3 Be7 7. b3 h6 8. Nbd2 O-O 9. c4 Nbd7 10. Bb2 Qc7
11. Nh4 Bh7 12. f3 g5
0-1

[Event "FAHIJ I"]
[Site "SchemingMind.com"]
[Date "2023.06.10"]
[Round "-"]
[White "Kenny Elliott"]
[Black "Derek Price"]
[Result "0-1"]
[WhiteCountry "USA"]
[BlackCountry "ENG"]
[WhiteElo "1491"]
[WhiteRD "84"]
[BlackElo "2386"]
[BlackRD "74"]
[GameID "734637"]

1. d4 d5 2. c4 c6 3. cxd5 cxd5 4. Nf3 Nf6 5. Nc3 Nc6 6. e3 a6 7. Be2 Bf5 8. O-O e6 9. Bd3 Bxd3 10. Qxd3 Bd6
11. e4 dxe4 12. Nxe4 Be7 13. Be3 O-O 14. Rab1 h6 15. Nxf6+ Bxf6 16. Rfd1 Qd5 17. Rd2 Qxa2 18. Rbd1 Qd5 19. Qb1 Rfd8 20. Rd3 Qe4
21. d5 Rxd5 22. Rxd5 Qxb1 23. Rxb1 exd5 24. b4 Bc3 25. Bc5 d4 26. Kf1 d3 27. Be3 Nxb4 28. Bd2 Bxd2 29. Nxd2 Rc8 30. g3 a5
31. Rb2 Rc1+ 32. Kg2 Rc2 33. Rxc2 dxc2 34. Nb3 Nd3
0-1

[Event "FAHIJ I"]
[Site "SchemingMind.com"]
[Date "2023.06.14"]
[Round "-"]
[White "Derek Price"]
[Black "cnile"]
[Result "1-0"]
[WhiteCountry "ENG"]
[BlackCountry "SCO"]
[WhiteElo "2386"]
[WhiteRD "74"]
[BlackElo "1323"]
[BlackRD "64"]
[GameID "734638"]

1. c4 Nf6 2. g3 e5 3. Bg2 d5 4. cxd5 Nxd5 5. Nf3 Nc6 6. O-O Bd6 7. d4 O-O 8. Nxe5 Bxe5 9. dxe5 Be6 10. f4 Nde7
11. Nc3 Qxd1 12. Rxd1 Rfd8 13. Be3 a6 14. Kf2 Na5 15. b3 c6 16. Bb6 Rxd1 17. Rxd1 Nxb3 18. axb3 Bxb3 19. Rd7 Ng6 20. Rxb7 a5
21. Bc5 a4 22. Ba3 h5 23. Be4 Kh7 24. h4 Kh6 25. Rc7 Ra6 26. Rxc6 Ra8 27. Rxg6+ fxg6 28. Bxa8
1-0

[Event "FAHIJ I"]
[Site "SchemingMind.com"]
[Date "2023.06.09"]
[Round "-"]
[White "Clive Everill"]
[Black "Derek Price"]
[Result "0-1"]
[WhiteCountry "CZE"]
[BlackCountry "ENG"]
[WhiteElo "1610"]
[WhiteRD "61"]
[BlackElo "2386"]
[BlackRD "74"]
[GameID "734639"]

1. Nf3 Nf6 2. Nc3 d5 3. d4 e6 4. Bg5 Be7 5. Bxf6 Bxf6 6. e4 O-O 7. Bd3 g6 8. Ne2 dxe4 9. Bxe4 Nd7 10. Qd2 e5
11. O-O-O exd4 12. Nexd4 Nc5 13. Rhe1 Nxe4 14. Rxe4 c5 15. Nb3 Qxd2+ 16. Nbxd2 Bf5 17. Ree1 Rfe8 18. Rxe8+ Rxe8 19. Ng1 Bd4 20. f3 Kg7
21. g4 Be6 22. b3 Rd8 23. h3 Be3 24. Ne2 Bd5 25. Ng1 c4 26. bxc4 Bxc4 27. a3 Bb5 28. h4 Ba4 29. Nh3 Rc8 30. Re1 Rxc2+
31. Kb1 Bxd2 32. Re4 Rc1+ 33. Kb2 Bc6
0-1

[Event "FAHIJ I"]
[Site "SchemingMind.com"]
[Date "2023.06.09"]
[Round "-"]
[White "Derek Price"]
[Black "Black Knight"]
[Result "1-0"]
[WhiteCountry "ENG"]
[BlackCountry "USA"]
[WhiteElo "2393"]
[WhiteRD "74"]
[BlackElo "1182"]
[BlackRD "64"]
[GameID "734640"]

1. c4 e5 2. Nc3 Bb4 3. Nd5 Bc5 4. Nf3 e4 5. Ng5 c6 6. Nxe4 cxd5 7. Nxc5 d6 8. Qa4+ Bd7 9. Nxd7 Qxd7 10. Qxd7+ Nxd7
11. cxd5 Ngf6 12. d3 Nxd5 13. Bd2 O-O 14. g3 Rac8 15. Bg2 Rc2 16. Bxd5 Nf6 17. Bb3 Rcc8 18. O-O Rfe8 19. e3 d5 20. Rac1 Rc6
21. Rxc6 bxc6 22. Rc1 a5 23. Rxc6 Nd7 24. Bxd5 Nf6 25. Bf3 a4 26. Bc3 h6 27. a3 Nd7 28. d4 Nb8 29. Rc7 Na6 30. Ra7 Nb8
31. Ra8 Rc8 32. d5
1-0

[Event "FAHIJ I"]
[Site "SchemingMind.com"]
[Date "2023.06.09"]
[Round "-"]
[White "Phillip Beckett"]
[Black "Derek Price"]
[Result "0-1"]
[WhiteCountry "ENG"]
[BlackCountry "ENG"]
[WhiteElo "1523"]
[WhiteRD "54"]
[BlackElo "2386"]
[BlackRD "74"]
[GameID "734641"]

1. e4 c5 2. Nf3 d6 3. d4 cxd4 4. Nxd4 Nf6 5. Nc3 a6 6. Bg5 e6 7. f4 Be7 8. Qf3 Qc7 9. O-O-O Nbd7 10. Bd3 h6
11. Bh4 g5 12. fxg5 Ne5 13. Qe2 Nfg4 14. h3 hxg5 15. hxg4 gxh4 16. Nf3 Nxg4 17. Kb1 Qb6 18. Rdf1 Qe3 19. Qxe3 Nxe3 20. Rf2 Ng4
21. Rd2 Bd7 22. Nh2 Nxh2 23. Rxh2 Bf6 24. g3 Ke7 25. gxh4 Bxh4 26. Rdg2 Bf6 27. Ne2 Be5 28. Rxh8 Rxh8 29. c3 Bc6 30. Kc2 Rh4
31. Ng1 Rxe4 32. Bxe4 Bxe4+
0-1

[Event "FAHIJ I"]
[Site "SchemingMind.com"]
[Date "2023.06.09"]
[Round "-"]
[White "Derek Price"]
[Black "Arthur Wilding"]
[Result "1-0"]
[WhiteCountry "ENG"]
[BlackCountry "WLS"]
[WhiteElo "2364"]
[WhiteRD "72"]
[BlackElo "1187"]
[BlackRD "67"]
[GameID "734642"]

1. c4 Nf6 2. g3 e6 3. Bg2 Nc6 4. Nf3 Bc5 5. O-O d5 6. d4 Be7 7. cxd5 Nxd5 8. a3 Bd7 9. Re1 Bd6 10. e4 Nb6
11. Bg5 Be7 12. Bxe7 Qxe7 13. Nbd2 O-O 14. Nb3 Nc4 15. Qc2 Nd6 16. d5 Nd8 17. Qxc7 exd5 18. exd5 Qf6 19. Qxd7 h6 20. Nc5 Rc8
21. Ne4 Nxe4 22. Qxc8 Nd6 23. Qc3 b6 24. Qxf6 gxf6 25. Nd4 N8b7 26. Rac1 Nc5 27. Re7 Kh8 28. Rxa7
1-0

[Event "FAHIJ I"]
[Site "SchemingMind.com"]
[Date "2023.06.14"]
[Round "-"]
[White "Transcendent"]
[Black "Derek Price"]
[Result "0-1"]
[WhiteCountry "ENG"]
[BlackCountry "ENG"]
[WhiteElo "1680"]
[WhiteRD "70"]
[BlackElo "2372"]
[BlackRD "74"]
[GameID "734643"]

1. d4 d5 2. c4 c6 3. Nf3 Nf6 4. e3 e6 5. Qc2 Nbd7 6. Nc3 Bd6 7. Bd3 O-O 8. O-O dxc4 9. Bxc4 b5 10. Bd3 Bb7
11. e4 e5 12. h3 a6 13. dxe5 Nxe5 14. Nxe5 Bxe5 15. Be3 Re8 16. f4 Bxc3 17. bxc3 Qe7 18. e5 Nd5 19. Rae1 g6 20. Bc1 Qc5+
21. Kh2 Qxc3
0-1

[Event "FAHIJ I"]
[Site "SchemingMind.com"]
[Date "2023.06.09"]
[Round "-"]
[White "Derek Price"]
[Black "Chessibelle"]
[Result "1-0"]
[WhiteCountry "ENG"]
[BlackCountry "ENG"]
[WhiteElo "2364"]
[WhiteRD "72"]
[BlackElo "1159"]
[BlackRD "60"]
[GameID "734644"]

1. c4 d6 2. d4 Nf6 3. Nf3 g6 4. g3 e6 5. Bg2 Nc6 6. O-O Bg7 7. Nc3 O-O 8. Re1 d5 9. b3 b6 10. Bf4 Ne7
11. Nb5 Qd7 12. Nxc7 Rb8 13. Nxd5 Rb7 14. Nxf6+ Bxf6 15. e4 b5 16. c5 Nc6 17. Bd6 Re8 18. e5 Bg7 19. Ng5 Qd8 20. Bxc6 Rbe7
21. Ne4 f6 22. exf6 Rf7 23. Bxe8 Qxe8 24. fxg7 Rxg7 25. Nf6+
1-0

[Event "FAHIJ I"]
[Site "SchemingMind.com"]
[Date "2023.06.10"]
[Round "-"]
[White "Derek Price"]
[Black "wight knight"]
[Result "1-0"]
[WhiteCountry "ENG"]
[BlackCountry "ENG"]
[WhiteElo "2386"]
[WhiteRD "74"]
[BlackElo "1178"]
[BlackRD "59"]
[GameID "734645"]

1. c4 e5 2. Nc3 c6 3. Nf3 f6 4. d4 Bb4 5. dxe5 Bxc3+ 6. bxc3 b6 7. exf6 Qxf6 8. Qd3 d5 9. Bg5 Bf5 10. Bxf6 Bxd3
11. Bxg7 Bxc4 12. Bxh8 Nd7 13. Bd4 O-O-O 14. Nd2 c5 15. Nxc4 cxd4 16. Nd6+ Kb8 17. cxd4 Ne7 18. e3 a5 19. Bd3 Nf6 20. O-O Rxd6
21. f3 h5 22. Rac1 Nc6 23. a3 h4 24. Rc2 Nh5 25. Rfc1 h3 26. Rxc6 Kb7 27. Rc7+ Ka8 28. Rc8+ Kb7 29. R1c7#
1-0

[Event "FAHIJ I"]
[Site "SchemingMind.com"]
[Date "2023.06.10"]
[Round "-"]
[White "JAHI"]
[Black "Derek Price"]
[Result "0-1"]
[WhiteCountry "INT"]
[BlackCountry "ENG"]
[WhiteElo "2190"]
[WhiteRD "81"]
[BlackElo "2369"]
[BlackRD "66"]
[GameID "734647"]

1. f3 d5 2. f4 g6 3. Nf3 Bg7 4. e3 Nf6 5. a3 O-O 6. a4 c5 7. Na3 Nc6 8. Bb5 c4 9. Bxc6 bxc6 10. d3 Qa5+
11. Bd2 Qb6 12. Rb1 cxd3 13. cxd3 Bf5 14. Ne5 Rfd8 15. Nc2 Nd7 16. a5 Qc7 17. Nxd7 Qxd7 18. Bb4 Rab8 19. Ba3 Rb3 20. Nb4 Rxa3
21. bxa3 Bc3+ 22. Kf2 c5 23. Nc2 c4 24. Nb4 cxd3 25. Nxd3 Rc8 26. Rc1 d4 27. e4 Bxe4 28. Qe2 Qd5 29. Rhd1 Bxg2 30. Nb4 Qa8
31. Na2 e6 32. Nxc3 dxc3 33. Re1 Bd5 34. Qe3 Qb8 35. Re2 Rc4 36. Rxc3 Rxf4+ 37. Ke1 Kg7 38. Rc8 Qb1+ 39. Rc1 Qf5 40. Rc7 a6
41. Kd2 g5 42. Qe5+ Qxe5 43. Rxe5 Kf6 44. Re2 h5 45. h3 g4 46. hxg4 hxg4 47. Rc8 Ra4 48. Rg8 Kf5 49. Rf8 f6 50. Re3 Rxa5
51. Ke2 Rc5 52. a4 Rc4 53. Ra3 Ke5 54. a5 f5 55. Rg8 Bf3+ 56. Kd3 Rd4+ 57. Kc3 Be2 58. Ra1 Rd3+ 59. Kb4 Kf4 60. Kc5 e5
61. Ra2 Re3 62. Rc2 g3 63. Kd6 e4 64. Rc1 Rd3+ 65. Kc5 Rd1 66. Rc2 Bf3 67. Ra2 e3 68. Ra4+ Be4 69. Ra2 Kf3 70. Rb2 Rd2
71. Rb3 g2 72. Ra3 Kf2 73. Ra1 e2 74. Kb6 Rd1 75. Ra2 Kf1 76. Rxe2 Kxe2 77. Kxa6 g1=Q 78. Rxg1 Rxg1 79. Kb5 f4 80. Kc5 Ke3
81. a6 f3 82. a7 f2 83. a8=Q Bxa8 84. Kd6 f1=Q 85. Ke6 Rg5 86. Ke7 Qa6 87. Kf7 Rc5 88. Kg7 Rc7+ 89. Kh8 Qc8#
0-1

[Event "FAHIJ I"]
[Site "SchemingMind.com"]
[Date "2023.06.09"]
[Round "-"]
[White "eliecercruzr"]
[Black "Derek Price"]
[Result "1/2-1/2"]
[WhiteCountry "CUB"]
[BlackCountry "ENG"]
[WhiteElo "2320"]
[WhiteRD "69"]
[BlackElo "2364"]
[BlackRD "72"]
[GameID "734648"]

1. e4 c5 2. c3 Nf6 3. e5 Nd5 4. Nf3 Nc6 5. d4 cxd4 6. cxd4 d6 7. Bc4 Nb6 8. Bb5 Bd7 9. Nc3 e6 10. O-O d5
11. a3 Be7 12. Re1 O-O 13. Be3 Be8 14. Bf4 a6 15. Bf1 Rc8 16. Bd3 f6 17. exf6 Rxf6 18. Bg3 Bh5 19. Be2 Rf8 20. Ne5 Bxe2
21. Rxe2 Nxe5 22. Rxe5 Rc6 23. Qe2 Qc8 24. Re1=
1/2-1/2

[Event "FAHIJ I"]
[Site "SchemingMind.com"]
[Date "2023.06.10"]
[Round "-"]
[White "JAHI"]
[Black "cnile"]
[Result "1-0"]
[WhiteCountry "INT"]
[BlackCountry "SCO"]
[WhiteElo "2174"]
[WhiteRD "76"]
[BlackElo "1384"]
[BlackRD "58"]
[GameID "734649"]

1. f3 e5 2. e3 Bc5 3. a3 d6 4. a4 Nc6 5. Bb5 f5 6. Kf1 Bd7 7. Bxc6 Bxc6 8. d3 Nf6 9. d4 Bb4 10. c3 Ba5
11. Na3 O-O 12. Nc4 b6 13. Nxa5 Bd7 14. Nc4 exd4 15. Qxd4 Re8 16. Ne2 a5 17. Na3 Bxa4 18. Qxa4 d5 19. Nd4 c5 20. Nxf5
1-0

[Event "FAHIJ I"]
[Site "SchemingMind.com"]
[Date "2023.06.09"]
[Round "-"]
[White "Clive Everill"]
[Black "Steven DuCharme"]
[Result "1-0"]
[WhiteCountry "CZE"]
[BlackCountry "USA"]
[WhiteElo "1606"]
[WhiteRD "58"]
[BlackElo "1481"]
[BlackRD "60"]
[GameID "734650"]

1. e4 c6 2. d4 d5 3. Nd2 h6 4. exd5 cxd5 5. Ngf3 Nf6 6. b3 e6 7. c4 Be7 8. Bd3 O-O 9. O-O Nc6 10. Bb2 Nb4
11. Be2 b6 12. a3 Na6 13. Ne5 Bb7 14. f4 Rc8 15. f5 dxc4 16. bxc4 exf5 17. Rxf5 Be4 18. Nxe4 Nxe4 19. c5 bxc5 20. Bxa6 Qxd4+
21. Bxd4
1-0

[Event "FAHIJ I"]
[Site "SchemingMind.com"]
[Date "2023.06.10"]
[Round "-"]
[White "Clive Everill"]
[Black "Kenny Elliott"]
[Result "1-0"]
[WhiteCountry "CZE"]
[BlackCountry "USA"]
[WhiteElo "1654"]
[WhiteRD "59"]
[BlackElo "1511"]
[BlackRD "82"]
[GameID "734651"]

1. e4 c5 2. Nc3 d6 3. f4 Nc6 4. Nf3 Bg4 5. Bb5 Qb6 6. Nd5 Qd8 7. O-O e6 8. Ne3 Qb6 9. a4 a6 10. Be2 Nf6
11. d3 Bxf3 12. Rxf3 Nd4 13. Rh3 O-O-O 14. Bf1 g6 15. b3 Bg7 16. Bb2 Nh5 17. g3 Rhg8 18. Nc4 Qa7 19. c3 Nc6 20. Qc2 d5
21. exd5 exd5 22. Ne3 c4 23. d4 cxb3 24. Qxb3 Na5 25. Qa2 Rge8 26. Nxd5 Nc6 27. Qc4 Rd7 28. Rb1 Red8 29. Ba3 Rxd5 30. Bg2 Rxd4
31. cxd4 Bxd4+ 32. Kh1 Kb8 33. Bxc6
1-0

[Event "FAHIJ I"]
[Site "SchemingMind.com"]
[Date "2023.06.14"]
[Round "-"]
[White "cnile"]
[Black "Clive Everill"]
[Result "0-1"]
[WhiteCountry "SCO"]
[BlackCountry "CZE"]
[WhiteElo "1384"]
[WhiteRD "58"]
[BlackElo "1654"]
[BlackRD "59"]
[GameID "734652"]

1. d4 f5 2. Bg5 g6 3. Nf3 Bg7 4. e3 Nf6 5. Bc4 d5 6. Bd3 O-O 7. Nbd2 Nbd7 8. O-O c5 9. c3 c4 10. Bc2 h6
11. Re1 hxg5 12. Nxg5 Ne4 13. Ndf3 e5 14. Ne6 Qb6 15. Nxf8 Kxf8 16. Rb1 Qd6 17. b4 Nxc3 18. Qc1 Nxb1 19. Qxb1 b5 20. a3 a5
21. dxe5 Nxe5 22. Nd4 Ng4 23. Nxb5 Qxh2+ 24. Kf1 Qh1+ 25. Ke2 Qxg2 26. Rf1 Ba6 27. Nd4 Bxd4 28. exd4 Re8+ 29. Kd1 Qxf1+ 30. Kd2 Qxf2+
31. Kc3 Qe3+ 32. Kb2 Qxd4+ 33. Ka2 Re2
0-1

[Event "FAHIJ I"]
[Site "SchemingMind.com"]
[Date "2023.06.12"]
[Round "-"]
[White "Black Knight"]
[Black "Clive Everill"]
[Result "0-1"]
[WhiteCountry "USA"]
[BlackCountry "CZE"]
[WhiteElo "1162"]
[WhiteRD "64"]
[BlackElo "1654"]
[BlackRD "59"]
[GameID "734653"]

1. d4 f5 2. Nf3 Nf6 3. Bf4 g6 4. Be5 Bg7 5. e3 O-O 6. Bc4+ e6 7. O-O d5 8. Bb3 Nbd7 9. c4 c6 10. c5 b6
11. Nbd2 Ne4 12. Bxg7 Kxg7 13. Ng5 Nxg5 14. f4 Ne4 15. Nxe4 fxe4 16. Qg4 bxc5 17. Ba4 Nb8 18. Bd1 e5 19. Qg3 exd4 20. Bh5 d3
21. Bd1 Ba6 22. Rf2 d4 23. a3 dxe3 24. Qxe3 Qd4 25. Qxd4+ cxd4 26. Bb3 e3 27. Rf3 d2 28. f5 Be2 29. f6+ Rxf6 30. Rxf6 Kxf6
31. Bd1 d3
0-1

[Event "FAHIJ I"]
[Site "SchemingMind.com"]
[Date "2023.06.09"]
[Round "-"]
[White "Chessibelle"]
[Black "Clive Everill"]
[Result "0-1"]
[WhiteCountry "ENG"]
[BlackCountry "CZE"]
[WhiteElo "1159"]
[WhiteRD "60"]
[BlackElo "1606"]
[BlackRD "58"]
[GameID "734655"]

1. Nf3 d5 2. d4 Nf6 3. h3 e6 4. e3 c5 5. Be2 Nc6 6. O-O c4 7. Nc3 Bb4 8. Bd2 O-O 9. a3 Be7 10. Ne5 Qb6
11. Bc1 Nxe5 12. dxe5 Nd7 13. g4 Nxe5 14. Kh1 Bh4 15. f4 Nc6 16. Rg1 Bf2 17. Rg2 Bxe3 18. Na4 Qd4 19. Qe1 Bxc1 20. Qxc1 Bd7
21. Nc3 e5 22. Nb5 Qb6 23. a4 exf4 24. Qxf4 Nb4 25. Nd6 Nxc2 26. Ra2 Qb3 27. h4 Qxa2 28. Rf2 Be6 29. Nb5 Qxa4 30. Nc7 Rac8
31. Bd1 Qc6 32. Bxc2 Rxc7 33. g5 d4+ 34. Kg1 d3 35. Bd1 g6 36. Rd2 Bf5 37. Bf3 Qb6+ 38. Kg2 Re7 39. Kf1 Rfe8 40. Qxc4 Re1+
41. Kg2 Qg1#
0-1

[Event "FAHIJ I"]
[Site "SchemingMind.com"]
[Date "2023.06.10"]
[Round "-"]
[White "Clive Everill"]
[Black "JAHI"]
[Result "0-1"]
[WhiteCountry "CZE"]
[BlackCountry "INT"]
[WhiteElo "1654"]
[WhiteRD "59"]
[BlackElo "2174"]
[BlackRD "76"]
[GameID "734657"]

1. Nf3 a6 2. d4 a5 3. e4 Na6 4. c3 d6 5. Bg5 h6 6. Be3 g6 7. Bc4 Bg7 8. O-O Kf8 9. Qb3 e6 10. Nbd2 Ne7
11. Rad1 Kg8 12. g3 d5 13. exd5 exd5 14. Be2 h5 15. Bg5 f6 16. Be3 h4 17. Nxh4 Rxh4 18. gxh4 a4 19. Qc2 Bf5 20. Qc1 c6
21. Bf4 Nc7 22. c4 Ne6 23. Bg3 Nxd4 24. Bf3 Bc2 25. Rde1 Bd3 26. Kg2 Bh6 27. Qc3 dxc4 28. Rg1 Bxd2 29. Qxd2 Nxf3 30. Kxf3 Qd5+
31. Kg4 Qf5#
0-1

[Event "FAHIJ I"]
[Site "SchemingMind.com"]
[Date "2023.06.14"]
[Round "-"]
[White "Black Knight"]
[Black "cnile"]
[Result "0-1"]
[WhiteCountry "USA"]
[BlackCountry "SCO"]
[WhiteElo "1162"]
[WhiteRD "64"]
[BlackElo "1384"]
[BlackRD "58"]
[GameID "734658"]

1. d4 d5 2. Nf3 Bf5 3. Bf4 Nf6 4. e3 Nbd7 5. Bd3 Bxd3 6. Qxd3 c5 7. Qe2 e6 8. Nbd2 cxd4 9. Nxd4 e5 10. Bg5 exd4
11. exd4+ Qe7 12. Qxe7+ Bxe7 13. O-O O-O 14. Rfe1 Bd6 15. Nf3 h6 16. Bxf6 Nxf6 17. h3 Rac8 18. c3 Rfe8 19. Ne5 Bxe5 20. Rxe5 Rxe5
0-1

[Event "FAHIJ I"]
[Site "SchemingMind.com"]
[Date "2023.06.13"]
[Round "-"]
[White "Transcendent"]
[Black "Black Knight"]
[Result "0-1"]
[WhiteCountry "ENG"]
[BlackCountry "USA"]
[WhiteElo "1680"]
[WhiteRD "70"]
[BlackElo "1202"]
[BlackRD "60"]
[GameID "734659"]

1. d4 d5 2. c4 dxc4 3. e4 e5 4. Nf3 Nf6 5. Bxc4 Nc6 6. d5 Nd4 7. Nxd4 Nxe4 8. Qe2 c5 9. Qxe4 cxd4 10. Qxe5+ Be7
11. Qxd4 O-O 12. O-O Bf6 13. Qd3 Bd7 14. Nd2 a6 15. Ne4 Bf5 16. Qf3 Bxe4 17. Qxe4 Re8
0-1

[Event "FAHIJ I"]
[Site "SchemingMind.com"]
[Date "2023.06.12"]
[Round "-"]
[White "JAHI"]
[Black "Black Knight"]
[Result "1-0"]
[WhiteCountry "INT"]
[BlackCountry "USA"]
[WhiteElo "2174"]
[WhiteRD "76"]
[BlackElo "1162"]
[BlackRD "64"]
[GameID "734660"]

1. f3 d5 2. f4 Nf6 3. Nf3 Bf5 4. e3 e6 5. a3 c6 6. a4 a5 7. Na3 Bg4 8. h3 Bh5 9. Be2 Bxa3 10. Rxa3 O-O
11. Kf1 Ne4 12. Qe1 Bxf3 13. Bxf3 Nc5 14. d3 Nba6 15. Bd2 Nb4 16. Bxb4 axb4 17. Qxb4 Na6 18. Qd2 Nc7 19. g3 Qd6 20. Kg2 f5
21. Rb3 Rfb8 22. a5 Qc5 23. Ra1 Rxa5 24. Rxa5 Qd6 25. Qb4 Qxb4 26. Rxb4 b6 27. Ra7 Nb5 28. Rd7 Ra8 29. c3
1-0

[Event "FAHIJ I"]
[Site "SchemingMind.com"]
[Date "2023.06.09"]
[Round "-"]
[White "Phillip Beckett"]
[Black "Steven DuCharme"]
[Result "0-1"]
[WhiteCountry "ENG"]
[BlackCountry "USA"]
[WhiteElo "1523"]
[WhiteRD "54"]
[BlackElo "1515"]
[BlackRD "60"]
[GameID "734661"]

1. e4 d6 2. d4 Nf6 3. Nc3 g6 4. Nf3 Bg7 5. Be2 O-O 6. O-O c6 7. h3 Nbd7 8. Be3 Nb6 9. Qd2 Kh8 10. Bh6 Ng8
11. Bxg7+ Kxg7 12. Rad1 h6 13. e5 dxe5 14. dxe5 Be6 15. Qxd8 Rfxd8 16. Rxd8 Rxd8 17. Rd1 Rxd1+ 18. Bxd1 Nd7 19. Be2 f6 20. exf6+ exf6
21. Nd4 Bf7 22. Bg4 f5 23. Bf3 Ne5 24. Be2 Ne7 25. Nf3 Nc4 26. Bxc4 Bxc4 27. Ne5 Be6 28. a3 Kf6 29. Nd3 b6 30. Nf4 Bf7
31. g4 fxg4 32. hxg4 Nd5 33. Nfxd5+ cxd5 34. f4 g5 35. f5 Ke5 36. Kg2 d4 37. Ne2 Bc4 38. Ng3 d3 39. cxd3 Bxd3 40. Kf3 Bc4=
41. Nh5 Bf7 42. Ng3 a6 43. Ne2 h5 44. Ng3 Bd5+ 45. Kf2 hxg4 46. Ke3 a5 47. b4 axb4 48. axb4 b5 49. Kd3 Kf4
0-1